Statistics for Language Origins of Popular First Names

Click here to take the quiz!

General Stats

  • This quiz has been taken 14,123 times
  • The average score is 6 of 10

Answer Stats

# Names Language % Correct
11English / Old English
94%
1Old French
90%
8Germanic / Proto-Germanic /
Old High German
90%
15Latin
81%
23Ancient Greek
71%
5Irish / Old Irish /
Proto-Celtic
58%
31Hebrew
58%
2Scottish Gaelic
38%
3Old Norse
19%
1Aramaic
17%

Score Distribution

Percentile by Number Answered

Percent of People with Each Score

Your Score History

You have not taken this quiz